Marvel Characters - Statistics

General Stats
  • This quiz has been taken 44 times
  • The average score is 14 of 16
Answer Stats
Picture Answer % Correct
Captain America
100%
Hulk
100%
Iron Man
100%
Thor
100%
Black Widow
98%
Deadpool
95%
Loki
95%
Wasp
95%
Captain Marvel
93%
Hawkeye
93%
Spider-Man
93%
Black Panther
90%
Dr Strange
78%
Ghost Rider
70%
Phil Coulson
53%
Quake
40%
No matching quizzes found
Score Distribution
Percent of People with Each Score
Percentile by Number Answered
Your Score History
You have not taken this quiz